Papers (Record no. 702137)

MARC details
000 -LEADER
fixed length control field 00803nam a2200253Ia 4500
003 - CONTROL NUMBER IDENTIFIER
control field OSt
005 - DATE AND TIME OF LATEST TRANSACTION
control field 20220927113456.0
008 - FIXED-LENGTH DATA ELEMENTS--GENERAL INFORMATION
fixed length control field 220926b |||||||| |||| 00| 0 eng d
037 ## - SOURCE OF ACQUISITION
Terms of availability Textbook
040 ## - CATALOGING SOURCE
Original cataloging agency RTL
Transcribing agency RTL
Language of cataloging eng
041 ## - LANGUAGE CODE
Source of code eng
Language code of text/sound track or separate title eng
111 ## - MAIN ENTRY--MEETING NAME
Meeting name or jurisdiction name as entry element Seminar on Policy Modelling for India (2000 : Delhi India)
9 (RLIN) 386001
245 #0 - TITLE STATEMENT
Title Papers
260 ## - PUBLICATION, DISTRIBUTION, ETC.
Place of publication, distribution, etc. Delhi
Name of publisher, distributor, etc. Delhi School of Economics India
Date of publication, distribution, etc. 2000
300 ## - PHYSICAL DESCRIPTION
Extent Various pagination
Dimensions cm.
490 ## - SERIES STATEMENT
Series statement "Delhi School of Economics, Centre for Development Economics, Publication"
650 ## - SUBJECT ADDED ENTRY--TOPICAL TERM
Topical term or geographic name entry element Economic Planning
9 (RLIN) 386002
942 ## - ADDED ENTRY ELEMENTS (KOHA)
Classification part "X:75:(B).2.N9, P0/TD3"
Koha item type
Holdings
Withdrawn status Lost status Damaged status Not for loan Home library Current library Date acquired Total Checkouts Full call number Barcode Date last seen Price effective from Koha item type
        Ratan Tata Library Ratan Tata Library 2022-09-27   "X:75:(B).2.N9 P0/TD3" RT01116786 Res 2022-09-27 2022-09-27 Textbook
Copyright @ Delhi University Library System